| 000 | 00464nam a22001457a 4500 | ||
|---|---|---|---|
| 020 | _a8126511915 | ||
| 082 |
_a515.7 _bKRE _cN-01, P-155 |
||
| 100 |
_aKreyszig, Erwin _9572 |
||
| 245 |
_aIntroductory functional analysis with applications _cKreyszig, Erwin |
||
| 260 |
_aIndia _bWiley Classics LIbrary Edition publications _c1989 |
||
| 300 |
_axiv, 688 p. : _bill, ; _c20 cm. |
||
| 526 |
_a0 _b0 _c0 _d515_700000000000000_KRE |
||
| 650 |
_aNUST _96342 |
||
| 942 |
_2ddc _cBK |
||
| 999 |
_c543783 _d543783 |
||